000 00438nam a22001697a 4500
999 _c7833
_d7831
005 20210904142855.0
008 210823b ||||| |||| 00| 0 eng d
020 _a978-1-84113-322-5
041 _aeng
082 _a346.4048
100 _aLIEWELYN, MARGARET AND ADCOCK, MIKE
_96561
245 _aEUROPEAN PLANT INTELLECTUAL PROPERTY
260 _aOREGON
_bHART PUBLISHING
_c2006
300 _a551;p
650 _aLAW
_95701
942 _cBK